000 00644nam a2200277Ia 4500
005 20260324115919.0
008 008 260324s9999 xx 000 0 eng d
020 _a9781315372938
037 _aEBOOK
040 _aCRL
040 _beng
040 _cCRL
041 _2eng
041 _aeng
084 _qCRL
100 _aLuca Lorenzi
_91156491
245 0 _aAnalytical Methods for Kolmogorov Equations
260 _bTaylor and Francis
260 _c2016
365 _a
365 _b340
856 _uhttp://www.taylorfrancis.com/books/9781315372938
942 _cEBOOK
999 _c1747728
_d1747728